Infanzia negata : piccoli schiavi nel pianeta globale

Guardat en:
Dades bibliogràfiques
Autor principal: Leone, Luca
Format: Llibre
Idioma:anglès
Publicat: Roma Prospettiva 2003
Etiquetes: Afegir etiqueta
Sense etiquetes, Sigues el primer a etiquetar aquest registre!

MARC

LEADER 00000nam a2200000 4500
005 20231122123108.0
008 231122b |||||||| |||| 00| 0 eng d
020 |a 8880220926 
040 |c C 
100 |a Leone, Luca 
245 |a Infanzia negata  |b : piccoli schiavi nel pianeta globale 
260 |a Roma  |b Prospettiva  |c 2003 
942 |2 ddc  |c BK  |n 0 
952 |0 0  |1 0  |2 ddc  |4 0  |6 362_760000000000000_LEO_INF  |7 1  |9 304  |a GE  |b GE  |d 2015-03-08  |l 0  |o 362.76 LEO INF  |p 1951  |r 2023-11-22 12:31:45  |w 2023-11-22  |y BK 
999 |c 219  |d 219